Quizzes
Events
Quiz Creation
Community
Videos
Private Events
Remove Ads
Sign In
Join for FREE
Feedback
Dark Mode
Quiz Categories
Sports
Geography
Music
Movies
Television
Just For Fun
Miscellaneous
History
Literature
Language
Science
Gaming
Entertainment
Religion
Holiday
For Kids
Quiz Lab
Recent
Popular Today
Quiz Kudos Today
Editor Picks
Curator Picks
Quizzes by...
Day
Popularity
Type
Ratings
Length
Year
Community
Subscriptions
Recent Discussions
Orange Saloon
Badges
Playlists
Quests
Create
Leaderboards
Showdown
Live 5
Trivia Bingo
Activity
Puzzle Library
Sporcle Events
Private Events
Virtual Trivia
Globe League
Become a Host
Pub Owners
SporcleCon
Opinionation
Our Games
Videos
Blog
Mobile Apps
Partnerships
Remove Ads and Go Orange
Feedback
Sports
Athletes
MLB
NBA
NHL
NFL
Soccer
Sports Teams
WWE
NCAA
Football
Premier League
Basketball
Baseball
Hockey
Golf
Tennis
Cricket
Rugby
Auto Racing
Olympics
World Cup
Sports
Athletes
MLB
NBA
NHL
NFL
Soccer
Sports Teams
WWE
NCAA
Football
Premier League
Basketball
Baseball
Hockey
Golf
Tennis
Cricket
Rugby
Auto Racing
Olympics
World Cup
Random Quiz
Search Sporcle
×
Quiz Lab
Quiz Lab
Sports
Basketball
Type in answers that appear in a list
Type in answers that appear in a list
Classic
Best Score? Go Orange.
2013-2014 NBA fantasy rankings Stats
2013-2014 NBA ESPN fantasy rankings
By
christian_milc
12m
100 Questions
188 Plays
188 Plays
188 Plays
Comments
Comments
Give Quiz Kudos
Give Quiz Kudos
-
- Ratings
hide this ad
Replay
Link that replays current quiz
Next Quiz
Link to next quiz in quiz playlist
You Got
0%
They Got
Avg Score
82%
Avg Friend Score
Upgrade to see
Score Distribution
Jump to the score distribution portion of the page
Score
0/100
Timer
12:00
0
Plays Today
Team
ESPN Fantasy Rankings
% Correct
MIA
Lebron James
98.9%
OKC
Kevin Durant
98.4%
HOU
James Harden
97.9%
LAC
Chris Paul
97.3%
GSW
Stephen Curry
97.3%
MEM
Marc Gasol
97.3%
WSH
John Wall
97.3%
LAL
Pau Gasol
97.3%
CLE
Kyrie Irving
96.8%
IND
Paul George
96.8%
BKN
Deron Williams
96.8%
DAL
Dirk Nowitzki
96.8%
MIA
Dwayne Wade
96.8%
IND
David West
96.8%
MIN
Kevin Love
96.3%
NY
Caremlo Anthony
96.3%
CHI
Derrick Rose
96.3%
OKC
Serge Ibaka
95.2%
POR
LaMarcus Aldridge
95.2%
OKC
Russell Westbrook
95.2%
NOH
Anthony Davis
94.7%
MIN
Ricky Rubio
94.1%
HOU
Dwight Howard
94.1%
SAS
Tim Duncan
94.1%
DET
Josh Smith
93.6%
POR
Damien Lillard
93.6%
CHI
Joakim Noah
93.6%
SAS
Tony Parker
93.6%
MIA
Chris Bosh
93.6%
NYK
J.R. Smith
93.6%
DET
Brandon Jennings
93.1%
BKN
Brook Lopez
93.1%
LAC
Blake Griffin
92%
BKN
Paul Pierce
92%
Team
ESPN Fantasy Rankings
% Correct
ATL
Al Horford
91.5%
CHA
Kemba Walker
91.5%
SAC
DeMarcus Cousins
91%
MEM
Zach Randolph
91%
BKN
Kevin Garnett
91%
DEN
Ty Lawson
89.9%
CHA
Al Jefferson
89.4%
GSW
David Lee
89.4%
MEM
Mike Conley
89.4%
IND
Roy Hibbert
89.4%
TOR
Rudy Gay
88.3%
GSW
Klay Thompson
88.3%
POR
Nicholas Batum
87.8%
DAL
Monta Ellis
87.8%
LAL
Kobe Bryant
87.8%
BOS
Jeff Green
87.8%
SAS
Danny Green
87.8%
BKN
Joe Johnson
86.7%
SAS
Kawhi Leonard
86.2%
DET
Greg Monroe
85.6%
GSW
Andre Iguodala
85.6%
NOH
Jrue Holiday
84%
ATL
Paul Millsap
83.5%
CHI
Loul Deng
83.5%
GSW
Andrew Bogut
83%
IND
George Hill
81.9%
DET
Andre Drummond
81.9%
WAS
Bradley Beal
80.9%
DEN
Kenneth Faried
80.9%
ATL
Jeff Teague
79.8%
CHI
Jimmy Butler
78.7%
MIL
Larry Sanders
78.2%
HOU
Jeremy Lin
78.2%
BOS
Rajon Rondo
78.2%
Team
ESPN Fantasy Rankings
% Correct
ORL
Jameer Nelson
78.2%
PHO
Goran Dragic
77.1%
HOU
Chandler Parsons
77.1%
MIL
O.J. Mayo
76.6%
NOH
Tyreke Evans
75%
LAL
Steve Nash
75%
TOR
Kyle Lowry
74.5%
PHI
Thaddeus Young
73.9%
ORL
Nikola Vucevic
72.9%
MIL
Brandon Knight
71.8%
IND
Danny Granger
71.3%
SAC
Isaiah Thomas
70.7%
PHO
Eric Bledsoe
70.2%
POR
Wesley Matthews
69.7%
ORL
Victor Oladipo
69.7%
WAS
Marcin Gortat
69.7%
UTA
Gordon Hayward
69.7%
PHI
Evan Turner
69.1%
MIN
Nikola Pekovic
68.6%
LAC
Jamal Crawford
68.1%
NOR
Ryan Anderson
67.6%
UTA
Derrick Favors
67.6%
DAL
Jose Calderon
67%
HOU
Omer Asik
62.2%
DEN
Javal Mcgee
60.1%
ORL
Tobias Harris
58.5%
UTA
Enes Kanter
57.4%
TOR
Jonas Valanciunas
55.9%
BOS
Gerald Wallace
55.3%
SAC
Grevis Vasquez
52.7%
ORL
Maurice Harkless
45.2%
MIL
Ersan Iilyasova
4.8%
Quiz Playlist
Details
Report
Send in Message
Add To Playlist
Classic:
Type in answers that appear in a list
Last Updated: Feb 16, 2017
Quiz Scoreboard
CHALLENGE
Sign Up to Join the Scoreboard
Show All
Scores
Hide
Comments
May contain spoilers
Recently Published
Billboard Blitz: Fleetwood Mac
by CooCooCachoo
Music
15s
Presidents Visiting Landmarks
by Hejman
History
7m
An Introduction to Baseball
by treessimontrees
Sports
5m
More to Explore
Quiz From the Vault
Featured Blog Post
Where Did the Easter Bunny Come From?
hide this ad
You Might Also Like...
Tags
Basketball Quiz
NBA Quiz
Banking
Fantasy
Player
Today's Top Quizzes in Sports
Browse Sports
hide this ad
Today's Top Quizzes in Basketball
Browse Basketball
Top Contributed Quizzes in Sports
1
Les meilleurs buteurs des matchs entre le PSG et l’OM
2
2022 World Cup Stars
3
FIFA Club World Cup Champions
4
Les entraîneurs de l'OM et du PSG au 21e siècle
5
Name the Premier League winners with different clubs
6
5-to-1: UK Sports Teams
7
La finale Lions - Afrique du Sud 2021
8
Criteria MLB: Left Handed Sluggers
9
AFC Teams Reveal (Wrong Answers Minefield)
10
England Test cricketers to play under Nasser Hussain
Explore More
Trending Topics
Kpop
Disney
Anime
Harry Potter
Marvel
Crossword
NBA
WWE
Country
Song
The Office
NFL
Pokémon
Soccer
Puzzle
hide this ad
More By:
christian_milc
Quiz
Plays
Rating
Category
Featured
Created
2013-2014 NBA fantasy rankings
188
1.00
Sports
Oct 31, 2013
Go to Creator's Profile
Score Distribution
Quiz Creator Spotlight
christian_milc
Follow
Send a Message
Quizzes Created
-
Created Quiz Play Count
-
More By This Creator
Popular Quizzes Today
1
Find the US States - No Outlines Minefield
2
Find the Countries of Europe - No Outlines Minefield
3
The Countries of the World
4
Find the US States
5
Popular People in 1961
6
US States
7
Risky Map Clicking: Biggest States A-Z
8
Movies - When Are They Set?
More Sports Quizzes
1997 NBA ASG - 50 Best players Cover
Quiz Lab
Trending Quizzes
Risky Map Clicking: Least Populous States A-Z
1-10 Letter G Words
1-10 Letter F Words
Risky Map Clicking: Next State Alphabetically
Risky Map Clicking: Biggest States A-Z
Recently Updated
Leaping Animals
pecheneg
Reality TV Shows (A-Z)
bhenderson79
Rickey Henderson's Hall of Fame Teammates
pecheneg
Champions League XIs: Arsenal
pecheneg
Quick Pick: Celebrities in WWE's Hall of Fame
aduchscher
A-Z Keypad Blitz II
pecheneg
Multiple Oscar Actors
pecheneg
Mystery Phrase Blitz: Oscar 'Best Actors'
pecheneg
F. Scott Fitzgerald Novels
LTH
Pick 3 Villains
ddd62291
Trending Topics
Marvel
NBA
Disney
Harry Potter
Kpop
Crossword
Anime
The Office
WWE
NFL
Country
Soccer
Puzzle
Pokémon
Song
Your Account Isn't Verified!
In order to create a playlist on Sporcle, you need to verify the email address you used during registration. Go to your
Sporcle Settings
to finish the process.
Report this User
Report this user for behavior that violates our
Community Guidelines
.
Details:
Send Report
Go to the Sporcle.com Mobile Site →
Comments